| 000 | 00712nam a22001577a 4500 | ||
|---|---|---|---|
| 003 | OSt | ||
| 005 | 20161128115009.0 | ||
| 008 | 161128b xxu||||| |||| 00| 0 eng d | ||
| 040 | _cRUA | ||
| 082 | _aAGR EK B535 2014 Or. | ||
| 100 |
_911432 _aEK PHANNA; ឯក ផាន់ណា |
||
| 245 | _aComparison different rates of urea fertilizers on lettuce at royal university of agriculture; ប្រៀបធ្រៀបកម្រិតជីអ៊ុយរ៉េខុសៗគ្នាទៅលើដំណាំសាលាដ នៅសាកលវិទ្យាល័យភូមិន្ទភ្នំពេញ | ||
| 260 |
_aRUA _bPhnom Penh _c2014 |
||
| 300 |
_axii; 43p. _bill. _c29cm. |
||
| 942 |
_2ddc _cAGR |
||
| 999 |
_c10988 _d10988 |
||